000 00709nam a2200121Ia 4500
008 220620s9999||||xx |||||||||||||| ||und||
245 0 _aProcedural Justice and Relational Theory
_bEmpirical, Philosophical, and Legal Perspectives
546 _aEnglish[eng]
650 _aJurisprudence and general issues||Legal systems: civil procedure, litigation and dispute resolution||Criminal procedure||Public health and safety law||Ethics and moral philosophy||Social and political philosophy||Psychology||Social, group or collective psychology
700 _aMeyerson, Denise||Mackenzie, Catriona||MacDermott, Therese
856 _uhttps://library.oapen.org/bitstream/20.500.12657/51160/1/9781000207668.pdf
942 _cEB
999 _c29611
_d29611